Physical chemistry : (Record no. 145087)

MARC details
000 -LEADER
fixed length control field 00801nam a22002297a 4500
005 - DATE AND TIME OF LATEST TRANSACTION
control field 20180511153313.0
010 ## - LCCN (DPL NO)
LC control number 1718EN-30ENG-122216 B-682129-139
020 ## - INTERNATIONAL STANDARD BOOK NUMBER
International Standard Book Number 9788131533437
Terms of availability 699.00
035 ## - SYSTEM CONTROL NUMBER
System control number B-682129-139
037 ## - SOURCE OF ACQUISITION
Source of stock number/acquisition Pragati
Stock number dpl
037 ## - SOURCE OF ACQUISITION
Source of stock number/acquisition DBAD/PUB
082 ## - DEWEY DECIMAL CLASSIFICATION NUMBER
Classification number 541
100 ## - MAIN ENTRY--PERSONAL NAME
Personal name Ball, David W.
245 ## - TITLE STATEMENT
Title Physical chemistry :
Statement of responsibility, etc by David W. Ball
250 ## - EDITION STATEMENT
Edition statement 2nd ed
260 ## - PUBLICATION, DISTRIBUTION, ETC. (IMPRINT)
Place of publication, distribution, etc Delhi
Name of publisher, distributor, etc Cengage Learning
Date of publication, distribution, etc 2015
270 ## - ADDRESS
Address 418, F.I.E. Patparganj,
City Delhi
Postal code 110092
300 ## - PHYSICAL DESCRIPTION
Extent xvii,853p.:
Dimensions 23cm(pbk)
Other physical details ill.
500 ## - GENERAL NOTE
General note Includes index.
942 ## - ADDED ENTRY ELEMENTS (KOHA)
Source of classification or shelving scheme Dewey Decimal Classification
Item type English Books
Call number suffix BAL
Classification part 541
Holdings
Withdrawn status Lost status Not for loan Collection code Home library Current library Date acquired Source of acquisition Cost, normal purchase price Full call number Barcode Copy number Cost, replacement price Koha item type
      Non-fiction Ashok Vihar Ashok Vihar 11/05/2018 Pragati/142/27.11.2017/672/20.11.2017/28.11.2017 699.00 541 BAL B-682130 1 699.00 English Books
    Not For Loan Non-fiction D.B.Act.Division Bawana 09/02/2018 DBAD/PUB 699.00 541 BAL EN-105748 1 699.00 English Books
      Non-fiction Bawana Bawana 11/05/2018 Pragati/142/27.11.2017/672/20.11.2017/28.11.2017 699.00 541 BAL B-682138 1 699.00 English Books
      Non-fiction Central Library Central Library 11/05/2018 Pragati/142/27.11.2017/672/20.11.2017/28.11.2017 699.00 541 BAL B-682129 1 699.00 English Books
      Non-fiction Janak Puri Janak Puri 11/05/2018 Pragati/142/27.11.2017/672/20.11.2017/28.11.2017 699.00 541 BAL B-682135 1 699.00 English Books
      Non-fiction Kasturba Gandhi Marg Kasturba Gandhi Marg 11/05/2018 Pragati/142/27.11.2017/672/20.11.2017/28.11.2017 699.00 541 BAL B-682132 1 699.00 English Books
      Non-fiction Narela Narela 11/05/2018 Pragati/142/27.11.2017/672/20.11.2017/28.11.2017 699.00 541 BAL B-682137 1 699.00 English Books
      Non-fiction Patel Nagar Patel Nagar 11/05/2018 Pragati/142/27.11.2017/672/20.11.2017/28.11.2017 699.00 541 BAL B-682131 1 699.00 English Books
      Non-fiction Peshwa Road Peshwa Road 11/05/2018 Pragati/142/27.11.2017/672/20.11.2017/28.11.2017 699.00 541 BAL B-682133 1 699.00 English Books
      Non-fiction Sarojini Nagar Sarojini Nagar 11/05/2018 Pragati/142/27.11.2017/672/20.11.2017/28.11.2017 699.00 541 BAL B-682136 1 699.00 English Books
      Non-fiction Shahdara Branch Shahdara Branch 11/05/2018 Pragati/142/27.11.2017/672/20.11.2017/28.11.2017 699.00 541 BAL B-682139 1 699.00 English Books
      Non-fiction Tri Nagar Tri Nagar 11/05/2018 Pragati/142/27.11.2017/672/20.11.2017/28.11.2017 699.00 541 BAL B-682134 1 699.00 English Books

© Delhi Public Library
Hit Counter
free hit counter